000 00731nam a2200241Ia 4500
003 OSt
005 20220925203706.0
006 a|||||r|||| 00| 0
007 ta
008 220923b |||||||| |||| 00| 0 eng d
037 _cGeneral Book
040 _aRTL
_cRTL
_beng
041 _2eng
_aeng
082 _aX:89Q, K7
100 _aPlossl G W
_9266801
245 0 _aProduction and inventory control
_b Principles and
260 _aEnglewood
_bCliffs New Jersey Prentice-Hall
_c1967
300 _axvi,432p Appendix p 385-420
_ccm.
650 _aProduction Control Management
_9239148
700 _a Wight O W
_9266802
942 _hX:89Q, K7
_cGB
_2CC
999 _c547426
_d547426